Los Tratados de Chile. Tomo II, la Independencia. Factores externos
Đã lưu trong:
| Tác giả chính: | |
|---|---|
| Định dạng: | Sách |
| Ngôn ngữ: | Tiếng Tây Ban Nha |
| Được phát hành: |
Santiago
Imprenta Barcelona
1904
|
| Phiên bản: | 1a. ed |
| Những chủ đề: | |
| Các nhãn: |
Thêm thẻ
Không có thẻ, Là người đầu tiên thẻ bản ghi này!
|
MARC
| LEADER | 00000nam a2200000 a 4500 | ||
|---|---|---|---|
| 001 | UCJ5742 | ||
| 003 | CL-VaPUC | ||
| 008 | 070124e19040000CL |||||||||||||||||spa|d | ||
| 082 | 0 | 4 | |a 983 |b VIA |2 21 |
| 100 | 0 | |a Vial Solar, Javier |e author |9 504812 | |
| 245 | 1 | 4 | |a Los Tratados de Chile. Tomo II, la Independencia. Factores externos |
| 250 | |a 1a. ed | ||
| 300 | |a xvii, 494 p | ||
| 942 | |c BK | ||
| 945 | |d 20070124 00:00:00 |a rinostro | ||
| 260 | |a Santiago |b Imprenta Barcelona |c 1904 | ||
| 600 | 0 | |a Miranda, Francisco de, |d 1750-1816 |9 331375 | |
| 650 | 0 | |a Economía |9 255568 | |
| 650 | 7 | |a INDUSTRIA |2 CL-VaPUC |9 315110 | |
| 650 | 0 | |a Agricultura |9 255598 | |
| 650 | 0 | |a Colonización española |9 256592 | |
| 650 | 0 | |a Independencia |9 344246 | |
| 650 | 0 | |a Diplomacia |9 256483 | |
| 650 | 0 | |a Historia de Chile |9 265473 | |
| 651 | 0 | |a España |9 254926 | |
| 651 | 7 | |a PORTUGAL |2 CL-VaPUC |9 255007 | |
| 651 | 0 | |a Inglaterra |9 255158 | |
| 583 | |a last modification |c 20070124 00:00:00 |k Rodrigo Vera | ||
| 999 | |c 321851 |d 321849 | ||
| 952 | |0 0 |1 0 |4 0 |6 983_000000000000000_VIA_1904 |7 0 |8 X |9 400715 |a FDOBUD |b FDOBUD |d 2019-11-22 |i 103894K |o 983 VIA 1904 |p 103894K |r 2019-11-22 |w 2019-11-22 |y BK_X |k BUD | ||